| 000 | 00456nam a22001697a 4500 | ||
|---|---|---|---|
| 005 | 20180205122510.0 | ||
| 008 | 170920b xxu||||| |||| 00| 0 eng d | ||
| 020 | _a978-81-315-1668-3 | ||
| 041 | _aeng | ||
| 082 | _a005.13 | ||
| 100 |
_aLouden,Kenneth C and Lambert, Kenneth A. _94077 |
||
| 245 | _aProgramming Languages Principles And Practices | ||
| 250 | _a3rd ED. | ||
| 260 |
_bCengage Learning Andover _c212 _aandover |
||
| 300 | _a662 | ||
| 942 | _cBK | ||
| 999 |
_c5601 _d5599 |
||